00655nas a22001817a 4500008004100000022001500041245003500056260011700091300000900208310001400217546001400231590010800245590003000353650002200383856004100405942001200446999001500458130327t19929999bl ||||| |||| 00| 0 por d a 0101-6083 aRevista de Psiquiatria Clinica aSão Paulo,bUniversidade de São Paulo, Faculdade de Medicina, Departamento e Instituto de Psiquiatria:c1992 av. : abimestral aportugues aIndizada en: Latindex, LILACS, SciELO, Directory of Open Access Journals (DOAJ), EMBASE Excerpta Medica aExistencias: 1992 (15-19) aPSIQUIATRIA91910 uhttp://www.revistas.usp.br/rpc/index 2ddccCR c1292d1292